000 00315nam a2200145Ia 4500
100 _aTinnell/richard W.
942 _cBK
654 _amicrowave
245 _aIntroductory microwave techniques
260 _bprentice hall press
082 _a621.38153
_bTIN
300 _a131
546 _aENGLISH
999 _c24929
_d24929